Breve esquema del retrato antiguo : precedido de una introducción al arte del retrato / Carlos Cid Priego precedido de una introducción al arte del retrato / Carlos Cid Priego
Descripción Física:
88 p. : il. ; 25 cm
Colección:
Ars Artis ; 1
Materias:
Retrats antics
MARC
| LEADER | 00000nam a2200000Ia 4500 | ||
|---|---|---|---|
| 001 | 17561 | ||
| 008 | 160829s1951 xx 000 0 cat d | ||
| 080 | |a B-1-400 | ||
| 100 | |a Cid Priego, Carlos |9 19791 | ||
| 245 | |a Breve esquema del retrato antiguo : |b precedido de una introducción al arte del retrato / Carlos Cid Priego | ||
| 260 | |a Barcelona : |b Estrada, |c 1951 | ||
| 300 | |a 88 p. : |b il. ; |c 25 cm | ||
| 490 | |a Ars Artis ; 1 | ||
| 590 | |a Bibliografia | ||
| 650 | |a Retrats antics |9 23200 | ||
| 901 | |a Arxiu | ||
| 942 | |n 1 | ||
| 952 | |0 0 |1 0 |4 0 |6 B1400 |7 1 |9 42614 |a Arxiu |b Arxiu |d 2016-12-01 |l 0 |o B-1-400 |p 17561 |r 2016-12-01 00:00:00 |w 2016-12-01 |y ARXIU | ||
| 999 | |c 45119 |d 45119 | ||